| 000 | 00590nam a2200217 a 4500 | ||
|---|---|---|---|
| 001 | BRCA_3501 | ||
| 005 | 20190320204318.0 | ||
| 008 | 240709s1936----mx-#---###---#000-0#spa-# | ||
| 041 | _aspa | ||
| 044 | _amx | ||
| 050 | 4 |
_aF1231 _b.G66 1936 |
|
| 100 | 1 |
_aGonzález Obregón, Luis. _99108 |
|
| 245 | 1 | 0 |
_aCroniquillas de la Nueva España _cLuis González Obregón. |
| 260 |
_aMéxico _bEdiciones Botas _c1936 |
||
| 300 |
_a222 p. _c19 cm. |
||
| 500 | _aB86. | ||
| 651 | 4 |
_aMéxico _xHistoria. _9614 |
|
| 651 | 4 |
_aMéxico _xVida social y costumbres. _9769 |
|
| 902 | _aGFM | ||
| 942 |
_2lcc _cB |
||
| 999 |
_c3236 _d3236 |
||